The 12 powers of a marketing leader : (Record no. 600852)
[ view plain ]
| 000 -LEADER | |
|---|---|
| fixed length control field | 00282nam a2200109Ia 4500 |
| 008 - FIXED-LENGTH DATA ELEMENTS--GENERAL INFORMATION | |
| fixed length control field | 230907s9999||||xx |||||||||||||| ||und|| |
| 082 ## - DEWEY DECIMAL CLASSIFICATION NUMBER | |
| Classification number | 658.8 |
| Author Mark | BAR |
| 100 ## - MAIN ENTRY--PERSONAL NAME | |
| Personal name | Barta, Thomas, |
| 9 (RLIN) | 116029 |
| 245 #4 - TITLE STATEMENT | |
| Title | The 12 powers of a marketing leader : |
| 300 ## - PHYSICAL DESCRIPTION | |
| Extent | vii, 228 pages : |
| 942 ## - ADDED ENTRY ELEMENTS (KOHA) | |
| Koha item type | Book |
| Withdrawn status | Lost status | Damaged status | Not for loan | Permanent Location | Current Location | Date acquired | Total Checkouts | Full call number | Barcode | Date last seen | Price effective from | Koha item type |
|---|---|---|---|---|---|---|---|---|---|---|---|---|
| US-Pakistan Center for Advanced Studies in Energy (USPCAS-E) | US-Pakistan Center for Advanced Studies in Energy (USPCAS-E) | 11/12/2019 | 658.8 BAR | CAS-E0004951 | 09/12/2023 | 09/12/2023 | Book |
